000 01013nam a2200229Ii 4500
003 JO-AjNU
008 230605s9999||||xx |||||||||||||| ||und||
017 _a2014/1/456
020 _a978-9957-16-860-5
040 _aJO-AjNU
_bara
_erda
_cJO-AjNU
041 _aara
050 1 4 _aKMM80.M3622.2015
100 3 _a منصور، أمجد محمد,
_eauthor
_950665
245 0 0 _aالنظرية العامة للإلتزامات مصادر الالتزام : دراسة في القانون المدني الأردني والمصري والفرنسي ومجلة الأحكام العدلية والفقة الإسلامي مع التطبيقات القضائية لمحكمتي النقض والتمييز
250 _aط8
264 3 1 _aعمان : دار الثقافة ، 2015
300 _a392ص
336 _atext
_btxt
_2rdacontent
337 _aunmediated
_bn
_2rdamedia
338 _avolume
_bnc
_2rdacarrier
650 4 _aالقانون المدني -- العقود -- الفقة الاسلامي
_950666
999 _aA22332
_c25900
_d25900